|
|
|
|
| LEADER |
00732nab a2200193 i 4500 |
| 001 |
publ36213 |
| 005 |
20250306094632.0 |
| 008 |
250306s2024 hu o 000 ita d |
| 022 |
|
|
|a 1827-2126
|
| 024 |
7 |
|
|a 35795366
|2 mtmt
|
| 040 |
|
|
|a SZTE Publicatio Repozitórium
|b hun
|
| 041 |
|
|
|a ita
|
| 100 |
1 |
|
|a Marmiroli Lorenzo
|
| 245 |
1 |
0 |
|a Lajos Zilahy e l’epoca Horthy
|h [elektronikus dokumentum] :
|b il rapporto con Gyula Gömbös e il Nuovo Fronte Spirituale (Új Szellemi Front) /
|c Marmiroli Lorenzo
|
| 260 |
|
|
|c 2024
|
| 300 |
|
|
|a 134-158
|
| 490 |
0 |
|
|a QUADERNI VERGERIANI
|v 20 No. 19
|
| 650 |
|
4 |
|a Nyelvek és irodalom
|
| 856 |
4 |
0 |
|u http://publicatio.bibl.u-szeged.hu/36213/1/MARMIROLI_QuaderniVergeriani2024_LajosZilahy.pdf
|z Dokumentum-elérés
|